000
00276nas a2200121Ia 4500
008
150201s2012 xx 000 0 und d
245
_a
BRITISH JOURNAL OF RADIOLOGY
260
_c
2012
310
_a
Monthly
500
_a
INTERNATIONAL
650
_a
Radiology
942
_2
ddc
_c
LJ
999
_c
6225
_d
6225